Taking responsibility: proceedings o9f the second international conference of The Consumer Citizenship Network, Bratislava 2005 (Record no. 59353)

MARC details
000 -LEADER
fixed length control field 00911nam a2200205 a 4500
008 - FIXED-LENGTH DATA ELEMENTS--GENERAL INFORMATION
fixed length control field 160920s2005 ||||||||||||||||| || u
020 ## - INTERNATIONAL STANDARD BOOK NUMBER
International Standard Book Number 8276714951
050 ## - LIBRARY OF CONGRESS CALL NUMBER
Classification number HF 5832 Tak
100 ## - MAIN ENTRY--PERSONAL NAME
Personal name Tangen, Dag
245 10 - TITLE STATEMENT
Title Taking responsibility: proceedings o9f the second international conference of The Consumer Citizenship Network, Bratislava 2005
Statement of responsibility, etc. Editors: Dag Tangen and Victoria W. Thoresen
260 ## - PUBLICATION, DISTRIBUTION, ETC.
Place of publication, distribution, etc. Bratislava:
Name of publisher, distributor, etc. Consumer Citizenship Network
Date of publication, distribution, etc. 2005
260 ## - PUBLICATION, DISTRIBUTION, ETC.
Place of publication, distribution, etc. Bratislava:
Name of publisher, distributor, etc. Hedmark University College
Date of publication, distribution, etc. 2005
300 ## - PHYSICAL DESCRIPTION
Extent 299p.: ill.
650 ## - SUBJECT ADDED ENTRY--TOPICAL TERM
Topical term or geographic name entry element CONSUMER EDUCATION
650 ## - SUBJECT ADDED ENTRY--TOPICAL TERM
Topical term or geographic name entry element INFORMATION AND BEHAVIOUR
650 ## - SUBJECT ADDED ENTRY--TOPICAL TERM
Topical term or geographic name entry element CONSUMER BEHAVIOUR
700 ## - ADDED ENTRY--PERSONAL NAME
Personal name Thoresen, Victoria W
710 ## - ADDED ENTRY--CORPORATE NAME
Corporate name or jurisdiction name as entry element The Consumer Citizenship Network, Bratislava 2005
995 ## - RECOMMENDATION 995 [LOCAL, UNIMARC FRANCE]
-- CBU-MAIN LIBRARY (Kitwe)
-- 1
-- AVAILABLE
-- Nov 14, 2016
-- Main Library Open Access Collection
Holdings
Withdrawn status Lost status Source of classification or shelving scheme Damaged status Not for loan Home library Current library Shelving location Date acquired Total Checkouts Full call number Barcode Date last seen Price effective from Koha item type
          CBU-MAIN LIBRARY, KITWE. CBU-MAIN LIBRARY, KITWE.   11/30/2022   HF 5832 Tak 746943 11/30/2022 11/30/2022 MONOGRAPH